| 000 | 00000nas##2200000za#4500 |
| 001 | 9.511261 |
| 003 | CaOODSP |
| 005 | 20210615082633 |
| 007 | ta |
| 008 | 150406c2006||||xxc|| p #||||f| |0fre|d |
| 022 | |a1718-4908 |
| 040 | |aCaOODSP|bfre |
| 041 | |aeng |
| 041 | |afre |
| 043 | |an-cn--- |
| 086 | 1 |aP12-13 |
| 110 | 1 |aCanada. |bTravaux publics et services gouvernementaux Canada. |
| 245 | 10|aNouvelles sur Les prochaines étapes |
| 260 | |aOttawa - Ontario : |bTravaux publics et Services gouvernementaux Canada |
| 310 | |aIrrégulier |
| 362 | 1 |aNuméro 1, [janvier 2006]--[Numéro 8, été 2007] |
| 520 | 3 |aCe bulletin fournit aux ministères et aux organismes du gouvernement fédéral des renseignements sur les changements et les progrès qui sont réalisés relativement aux achats ainsi que sur d’autres changements apportés aux services offerts par le ministère. Il porte sur les façons d’économiser dans le cadre du processus d’approvisionnement et des activités connexes du gouvernement ainsi que sur les moyens d’améliorer l’efficacité des procédures. On y trouve notamment des conseils à l’intention des acheteurs du gouvernement ainsi que des conseils sur la réduction des coûts d’énergie et l’amélioration de la gestion de l’actif immobilier du gouvernement. |
| 563 | |aDépliant |
| 776 | 0#|tNouvelles sur Les prochaines étapes |w(CaOODSP)9.501527 |
| 776 | 0#|tThe Way Forward news |w(CaOODSP)9.505128 |
| 791 | |tThe Way Forward news |eeng|w(CaOODSP)9.511260 |